<?xml version="1.0" encoding="UTF-8"?>
<record
    xmlns:xsi="http://www.w3.org/2001/XMLSchema-instance"
    xsi:schemaLocation="http://www.loc.gov/MARC21/slim http://www.loc.gov/standards/marcxml/schema/MARC21slim.xsd"
    xmlns="http://www.loc.gov/MARC21/slim">

  <leader>00617    a22002055i 4500</leader>
  <datafield tag="999" ind1=" " ind2=" ">
    <subfield code="c">7950</subfield>
    <subfield code="d">7950</subfield>
  </datafield>
  <controlfield tag="001">991061035533606706</controlfield>
  <controlfield tag="003">OSt</controlfield>
  <controlfield tag="005">20241024181425.0</controlfield>
  <controlfield tag="008">AAMMDD-----    ---|||||-|||||-|| -----|c</controlfield>
  <datafield tag="020" ind1=" " ind2=" ">
    <subfield code="a">9788412362398</subfield>
  </datafield>
  <datafield tag="040" ind1=" " ind2=" ">
    <subfield code="a">CDMR</subfield>
    <subfield code="b">cat</subfield>
    <subfield code="c">CDMR</subfield>
  </datafield>
  <datafield tag="100" ind1=" " ind2=" ">
    <subfield code="9">4980</subfield>
    <subfield code="a">Abril, Laia</subfield>
  </datafield>
  <datafield tag="245" ind1=" " ind2=" ">
    <subfield code="a">Leer las im&#xE1;genes</subfield>
    <subfield code="c">/ conversaci&#xF3;n entre Laia Abril y Santi Palacios ; ilustraciones de Cinta Fosch </subfield>
  </datafield>
  <datafield tag="260" ind1=" " ind2=" ">
    <subfield code="a">Barcelona :</subfield>
    <subfield code="b">Revista 5W ,</subfield>
    <subfield code="c">2024</subfield>
  </datafield>
  <datafield tag="300" ind1=" " ind2=" ">
    <subfield code="a">141 p. </subfield>
    <subfield code="c">; 16 cm</subfield>
  </datafield>
  <datafield tag="490" ind1=" " ind2=" ">
    <subfield code="a">Voces 5W </subfield>
    <subfield code="v">; 9</subfield>
  </datafield>
  <datafield tag="650" ind1=" " ind2="0">
    <subfield code="9">1270</subfield>
    <subfield code="a">Fotoperiodisme</subfield>
    <subfield code="z">Espanya</subfield>
  </datafield>
  <datafield tag="700" ind1=" " ind2=" ">
    <subfield code="9">4981</subfield>
    <subfield code="a">Palacios, Santi</subfield>
  </datafield>
  <datafield tag="942" ind1=" " ind2=" ">
    <subfield code="2">udc</subfield>
    <subfield code="c">MON</subfield>
  </datafield>
  <datafield tag="952" ind1=" " ind2=" ">
    <subfield code="0">0</subfield>
    <subfield code="1">0</subfield>
    <subfield code="4">0</subfield>
    <subfield code="7">0</subfield>
    <subfield code="a">CDMR</subfield>
    <subfield code="b">CDMR</subfield>
    <subfield code="d">2024-10-24</subfield>
    <subfield code="e">Donaci&#xF3;</subfield>
    <subfield code="g">14.00</subfield>
    <subfield code="l">2</subfield>
    <subfield code="m">1</subfield>
    <subfield code="o">Dk 2/33</subfield>
    <subfield code="p">CDMR24101261</subfield>
    <subfield code="r">2025-02-05</subfield>
    <subfield code="s">2025-02-03</subfield>
    <subfield code="w">2024-10-24</subfield>
    <subfield code="y">MON</subfield>
  </datafield>
</record>
